| 000 | 00649nam a22001937a 4500 | ||
|---|---|---|---|
| 005 | 20240311110759.0 | ||
| 010 | _aENG-139600 | ||
| 020 |
_c750.00 _a9788193732915 |
||
| 035 | _aEN-123132 | ||
| 037 | _bDBAD/PUB | ||
| 082 | _a330.954 | ||
| 245 |
_aDispossession, Deprivation And Development/ _cEdited by Arindam Banerjee And C.P. Chandrashekhar _bEssay For Utsa Patnaik |
||
| 260 |
_aShahpur Jat _bTulika Books |
||
| 270 |
_b NewDelhi _a44 (First Floor) _e110049 |
||
| 300 |
_a270p; _c25cm(hb) |
||
| 710 |
_aArindam Banerjee _eEditor _959600 |
||
| 710 |
_aC.P. Chandrashekhar _eEditor _962997 |
||
| 942 |
_2ddc _cEN _h330.954 _mDIS |
||
| 999 |
_c201330 _d201330 |
||